000 00520nam a2200205Ia 4500
003 OSt
005 20230328161049.0
008 210423s2009 xx 000 0 und d
020 _a9788184893410
040 _cAL
041 _aeng
082 _a547.05
_223
_bSIMG
100 _aSIMONNEAUX (Gerard).
_964368
245 _aBioorganometallic chemistry.
260 _aNew Delhi
_bSpringer Pvt Ltd
_c2009
300 _avi,222
_bPB
365 _b695
_cINR
906 _aBioorganometallic ; chemistry.
942 _2ddc
_cBK
999 _c154391
_d154391